000 00771nam a2200241 a 4500
999 _c3549
_d3549
001 3549
003 BD-JhCC
005 20211025134020.0
008 171002s2012 bg |||| ||a| 000 0 ben d
020 _a9847012002216
035 _a(BD-JhCC)
040 _aBD-JhCC
_dBD-JhCC
041 _aben
082 _a891.4415
_bDAS 2012
100 _aদাশ, জীবনানন্দ
245 _aশ্রেষ্ঠ কবিতা /
_cজীবনানন্দ দাশ; ড. মিজান রহমান (সম্পাদনা)
260 _aঢাকা:
_bকথাপ্রকাশ,
_c২০১২
300 _a128 p.;
_c22 cm
650 _aBengali poetry
700 _aরহমান, ড. মিজান
942 _2ddc
_cBK
_01